000 00828cam a22002531 4500
001 27344
003 BD-RjUL
005 20211209051137.0
008 140325r19561955dcu 000 0 eng
035 _a(BD-RjUL)27417
035 _a(OCoLC)413134
040 _aDLC
_cODaWU
_dOCoLC
_dDLC
_dBD-RjUL
_beng
041 _aeng
082 _a962
_bNAE 1956
100 1 _aNasser, Gamal Abdel,
_d1918-1970.
_983979
245 1 0 _aEgypt's liberation :
_bthe philosophy of the revolution /
_c[by] Gamal Abdul Nasser. Introd. by Dorothy Thompson.
260 _aWashington :
_bPublic Affairs Press,
_cc1955 [1956].
300 _a119 p. ;
_c20 cm.
651 0 _aEgypt
_xHistory
_xPhilosophy.
_983980
651 0 _aEgypt
_xPolitics and government
_y1952-1970.
_983981
942 _2ddc
_cBK
999 _c27344
_d27344